| 000 | 00617nam a2200205Ia 4500 | ||
|---|---|---|---|
| 001 | 16009 | ||
| 003 | GE_BSU | ||
| 008 | 181216s||||||||xx |||||||||||||| ||und|| | ||
| 040 | _cGE_BSU | ||
| 080 | _a821.353.1-1 | ||
| 100 | _aხარანაული, ბესიკი | ||
| 245 | _aლექსები | ||
| 245 | _cრედ.ი.ნონეშვილი. მხ.გ.მელიქიშვილი | ||
| 260 | _aთბილისი | ||
| 260 | _bსაბჭ. საქართველო, | ||
| 260 | _c1968 | ||
| 300 | _a56გვ. ; 16სმ | ||
| 653 | _aლექსები | ||
| 942 | _cBK | ||
| 999 |
_c49102 _d49102 |
||